Dynasties des Rois et Empereurs français. - Statistiques

Statistiques générales
  • Ce quiz a été pris 25 128 fois
    22 206 depuis la dernière actualisation
  • Le résultat moyen est 6 sur 9
Statistiques - réponses
Dates Dynastie % Correct
1589 – 1792 / 1814 – 1815 / 1815 – 1830 Bourbons
86%
752 – 888 / 893 – 922 / 936 – 987 Carolingiens
85%
481 – 751 Mérovingiens
85%
987 – 1328 Capétiens
84%
1804 – 1814 / 1815 / 1852 – 1870 Bonaparte
74%
1328 – 1589 Valois
60%
1830 – 1848 Orléans
51%
888 – 898 / 922 – 923 Robertiens
32%
923 – 936 Bosonides
13%
Aucun quiz correspondant
Distribution des résultats
% des personnes avec chaque résultat
Percentile par nombre de réponses
Votre historique - résultats
Vous n’avez pas pris ce quiz depuis la dernière actualisation